000 00307nam a2200121Ia 4500
008 231106s2020 xx 000 0 und d
041 _aeng
082 _a751.42
100 _aMARYLIN SCOTT
245 _aCOMPENDIUM OF DRAWING TECHNIQUES AND TRADE SECRETS
260 _bSEARCH PRESS
_c2020
300 _aP-192
999 _c920144
_d920144